Music Quiz

Random Music or Clickable Quiz
Score 0/14 Timer 06:00
3 Plays Today
% Correct
John Lennon
96.9%
Diana Ross
90.4%
Lionel Richie
87.6%
Lauryn Hill
82.9%
George Michael
82.8%
Justin Timberlake
80.1%
Michael Jackson
73.9%
% Correct
Beyoncé Knowles
72.3%
Fergie
69.5%
Dr. Dre
69%
Phil Collins
63.2%
Gwen Stefani
62%
Stevie Nicks
52.6%
Annie Lennox
51%
Come Together.
Have Fun.
All Virtual.
We all need to come together. Play Sporcle's virtual live trivia to have fun, connect with people, and get your trivia on. Join a live hosted trivia game for your favorite pub trivia experience done virtually. If a virtual private party is more your thing, go here for details.

You're not logged in!

Compare scores with friends on all Sporcle quizzes.
OR
Log In

Sporcle TV

Today on Sporcle TV


Watch our educational content, quiz creation guides, and fun videos on Sporcle TV.

Show Comments

Extras

Top Quizzes Today


Score Distribution

Paid Content

Your Account Isn't Verified!

In order to create a playlist on Sporcle, you need to verify the email address you used during registration. Go to your Sporcle Settings to finish the process.

Report this User

Report this user for behavior that violates our Community Guidelines.

Details: